000 00550nam a2200145Ia 4500
008 151213s9999 xx 000 0 und d
100 _aলতিফা লুৎফে আরা খাতুন।
245 _aজেনাক জ্বলা রাত।
_cলতিফা লুৎফে আরা খাতুন।
260 _aঢাকা
_bসালমার।
_c1998
300 _a8820 p.
650 _aBangla
650 _aউপন্যাস।
700 _aলতিফা লুৎফে আরা খাতুন।
999 _c4605
_d4605